000 00679nam a22002057a 4500
999 _c195373
_d195373
005 20230324100912.0
010 _aENG-136478
020 _a9789390670260
_c650.00
035 _aEN-120010
037 _bDBAD/PUB
082 _a881
100 _aLevett,Jeffery
245 _aPost Modern Voices :
_cBy Jeffery Levett ...[et.al] ;Edited By Tamali Neogi
_bCreative Literature /
250 _aEighth
260 _bEarth Vision Publications
_aHaryana
_c2022
270 _bHaryana
_e122002
_aH-23/16, DLF, Phase-1 Gurugram
_k7015676289
_mearthvisionpublications@gmail.com
300 _aiii122p.
_c21cm(pbk)
700 _aTamali Neogi
942 _2ddc
_cEN
_h881
_mJEF